[Event "Girona-ch Seniors"]
[Site "Girona"]
[Date "2018.03.06"]
[Round "5.10"]
[White "Figols Pujolar, Juan"]
[Black "Garcia Castany, Jose"]
[Result "0-1"]
[WhiteElo "1645"]
[BlackElo "1439"]
[PlyCount "48"]
[EventDate "2018.02.06"]
[EventType "swiss"]
[EventRounds "6"]
[EventCountry "ESP"]
[SourceTitle "EXT 2024"]
[Source "ChessBase"]
[SourceDate "2023.10.10"]
[SourceVersion "1"]
[SourceVersionDate "2023.10.10"]
[SourceQuality "1"]

1. e4 c5 2. Bc4 e6 3. Nc3 Nc6 4. Nf3 d6 5. 0-0 Nf6 6. Re1 Qc7 7. d4 cxd4 8. Nxd4 a6 9. Bg5 Be7 10. Nxc6 bxc6 11. f3 Qb6+ 12. Kh1 Qxb2 13. Rb1 Qxc3 14. Bb3 0-0 15. f4 Ra7 16. e5 dxe5 17. fxe5 Nd5 18. Bxe7 Rxe7 19. Qh5 Bb7 20. Re4 Qd2 21. Bxd5 cxd5 22. Rh4 h6 23. Qg4 Qg5 24. Rb4 Qc1+ 0-1

[Event "Girona-ch Seniors"]
[Site "Girona"]
[Date "2018.02.06"]
[Round "1.6"]
[White "Vila Pages, Xavier"]
[Black "Garcia Castany, Jose"]
[Result "0-1"]
[WhiteElo "1871"]
[BlackElo "1439"]
[PlyCount "54"]
[EventDate "2018.02.06"]
[EventType "swiss"]
[EventRounds "6"]
[EventCountry "ESP"]
[SourceTitle "EXT 2024"]
[Source "ChessBase"]
[SourceDate "2023.10.10"]
[SourceVersion "1"]
[SourceVersionDate "2023.10.10"]
[SourceQuality "1"]

1. c4 c5 2. Nc3 b6 3. Nf3 e6 4. g3 Bb7 5. Bg2 a6 6. 0-0 Nf6 7. d4 cxd4 8. Qxd4 d6 9. Rd1 Be7 10. b3 0-0 11. Bb2 Nbd7 12. Ne1 Bxg2 13. Nxg2 Qc7 14. Ne4 e5 15. Nxf6+ Nxf6 16. Qd3 Qc6 17. Ne3 g6 18. Rac1 Qc7 19. f3 Rfd8 20. Rd2 h5 21. Kg2 h4 22. Rcd1 e4 23. Qc2 exf3+ 24. exf3 Qc5 25. Nd5 Nxd5 26. Rxd5 Qe3 27. R5d3 Qe6 0-1

[Event "Costa Brava op 29th"]
[Site "Costa Brava"]
[Date "2016.11.26"]
[Round "8"]
[White "Garcia Castany, Jose"]
[Black "Masnou Resino, Jordi"]
[Result "0-1"]
[WhiteElo "1422"]
[BlackElo "1767"]
[PlyCount "132"]
[EventDate "2016.09.24"]
[EventType "swiss"]
[EventRounds "9"]
[EventCountry "ESP"]
[SourceTitle "EXT 2018"]
[Source "ChessBase"]
[SourceDate "2017.10.13"]
[SourceVersion "1"]
[SourceVersionDate "2017.10.13"]
[SourceQuality "1"]

1. d4 Nf6 2. c4 c5 3. d5 e6 4. Nc3 exd5 5. cxd5 d6 6. Nf3 g6 7. g3 Bg7 8. Bg2 0-0 9. 0-0 b6 10. a4 a6 11. Nd2 Bd7 12. Nc4 Ra7 13. Bf4 Ne8 14. Qc2 f5 15. Qd2 Qc7 16. Bh6 Bc8 17. Bxg7 Kxg7 18. Qf4 Nd7 19. Rfd1 Ndf6 20. a5 b5 21. Nb6 Bb7 22. Qd2 Nd7 23. Nxd7 Qxd7 24. e4 Nc7 25. Ne2 Raa8 26. Nf4 Rae8 27. exf5 Rxf5 28. Bh3 Kg8 29. Bxf5 Qxf5 30. Re1 Re5 31. Rxe5 dxe5 32. Nd3 Bxd5 33. Ne1 e4 34. Qf4 Qxf4 35. gxf4 Kf7 36. Ng2 Ke6 37. Ne3 Bb7 38. Kg2 Ne8 39. Rd1 Nd6 40. Kg3 c4 41. h4 h5 42. Rc1 Nf5+ 43. Nxf5 gxf5 44. Rd1 Bd5 45. Kg2 Kd6 46. Kf1 b4 47. Ke2 Kc5 48. Ke3 c3 49. Rc1 Kc4 50. bxc3 bxc3 51. Rc2 Kb3 52. Rc1 Kb2 53. Rg1 Bc4 54. Re1 Bd3 55. Rg1 Ka3 56. Rc1 Kb4 57. Ra1 Kb5 58. Rc1 c2 59. Ra1 Kb4 60. Kd2 Kc4 61. Kc1 Kc3 62. Ra4 Kb3 63. Rd4 Kc3 64. Rd5 Kc4 65. Rxf5 e3 66. fxe3 Bxf5 0-1

[Event "Sant Gregori Ajuntament op-A 1st"]
[Site "Sant Gregori"]
[Date "2016.07.??"]
[Round "3.7"]
[White "Garcia Castany, Jose"]
[Black "Massaguer Soles, Francesc"]
[Result "0-1"]
[WhiteElo "1779"]
[BlackElo "1981"]
[PlyCount "38"]
[EventDate "2016.07.04"]
[EventType "tourn"]
[EventRounds "7"]
[EventCountry "ESP"]
[SourceTitle "EXT 2024"]
[Source "ChessBase"]
[SourceDate "2023.10.10"]
[SourceVersion "1"]
[SourceVersionDate "2023.10.10"]
[SourceQuality "1"]

1. d4 Nf6 2. c4 e5 3. dxe5 Ng4 4. Nf3 Bc5 5. e3 Nc6 6. Be2 Ngxe5 7. Nxe5 Nxe5 8. 0-0 0-0 9. a3 a5 10. b3 Ra6 11. Bb2 Re8 12. Bxe5 Rxe5 13. Nd2 Rh6 14. Nf3 Reh5 15. b4 Rxh2 16. Nxh2 Qh4 17. f3 Bxe3+ 18. Rf2 Qxh2+ 19. Kf1 Qh1# 0-1

[Event "Sant Gregori Ajuntament op-A 1st"]
[Site "Sant Gregori"]
[Date "2016.07.??"]
[Round "2.12"]
[White "Herce Carrera, Javier"]
[Black "Garcia Castany, Jose"]
[Result "0-1"]
[WhiteElo "1676"]
[BlackElo "1779"]
[PlyCount "77"]
[EventDate "2016.07.04"]
[EventType "tourn"]
[EventRounds "7"]
[EventCountry "ESP"]
[SourceTitle "EXT 2024"]
[Source "ChessBase"]
[SourceDate "2023.10.10"]
[SourceVersion "1"]
[SourceVersionDate "2023.10.10"]
[SourceQuality "1"]

1. e4 c5 2. Nf3 Nc6 3. g3 d6 4. Be2 g6 5. 0-0 Bg7 6. c3 Nf6 7. d3 0-0 8. Re1 Bg4 9. Nh4 Be6 10. Ng2 Bh3 11. Nf4 Bd7 12. Bf1 e5 13. Ng2 Qc8 14. Nd2 Ne8 15. Ne3 Be6 16. Ng2 Nc7 17. Nf3 h6 18. Be3 b6 19. Qd2 Kh7 20. Be2 d5 21. Qc2 Qb7 22. Rf1 d4 23. Bd2 Rad8 24. c4 f5 25. Nfe1 Ne7 26. f3 Qa8 27. Qd1 Ne8 28. Kf2 fxe4 29. dxe4 Qxe4 30. Bd3 Qb7 31. Be4 Qc7 32. b3 Bf5 33. Qe2 Bxe4 34. Qxe4 Nd6 35. Qe2 Qb7 36. Kg1 e4 37. Rb1 e3 38. Nxe3 dxe3 39. Bxe3 0-1

[Event "Girona-ch Seniors"]
[Site "Santa Eugenia"]
[Date "2016.??.??"]
[Round "6.8"]
[White "Bonilla Padilla, Pere"]
[Black "Garcia Castany, Jose"]
[Result "0-1"]
[WhiteElo "1700"]
[BlackElo "1687"]
[PlyCount "49"]
[EventDate "2016.02.02"]
[EventType "swiss"]
[EventRounds "6"]
[EventCountry "ESP"]
[SourceTitle "EXT 2024"]
[Source "ChessBase"]
[SourceDate "2023.10.10"]
[SourceVersion "1"]
[SourceVersionDate "2023.10.10"]
[SourceQuality "1"]

1. d4 d5 2. g3 e6 3. e3 Nf6 4. Nf3 b6 5. Bg2 Ba6 6. Nbd2 Nbd7 7. Bf1 Bxf1 8. Nxf1 c5 9. dxc5 Bxc5 10. Bd2 0-0 11. b4 Be7 12. Bc1 Bxb4+ 13. N1d2 Qc7 14. 0-0 Rac8 15. Rb1 Bxd2 16. Nxd2 Qxc2 17. Qxc2 Rxc2 18. Rb2 Rc7 19. Rb3 Rfc8 20. Bb2 e5 21. f3 Rc2 22. Rf2 Nc5 23. Rc3 Rxb2 24. Nb3 Rxf2 25. Kxf2 0-1

[Event "Barcelona-Palma de Mallorca Cruise 4th"]
[Site "Barcelona"]
[Date "2015.10.25"]
[Round "3"]
[White "Garcia Castany, Jose"]
[Black "Exposito Amaro, Josue"]
[Result "0-1"]
[WhiteElo "1412"]
[BlackElo "2299"]
[PlyCount "38"]
[EventDate "2015.10.23"]
[EventType "swiss"]
[EventRounds "8"]
[EventCountry "ESP"]
[SourceTitle "CBM 169 Extra"]
[Source "ChessBase"]
[SourceDate "2015.12.18"]
[SourceVersion "1"]
[SourceVersionDate "2015.12.18"]
[SourceQuality "1"]

1. d4 d5 2. c4 Nc6 3. e3 e5 4. cxd5 Qxd5 5. Nc3 Bb4 6. Bd2 Bxc3 7. Bxc3 exd4 8. Bxd4 Nxd4 9. exd4 c6 10. h3 Bf5 11. b3 0-0-0 12. Nf3 Be4 13. Bc4 Bxf3 14. Bxd5 Bxd1 15. Rxd1 Rxd5 16. 0-0 Nf6 17. Rfe1 Re8 18. Rxe8+ Nxe8 19. b4 Nc7 0-1

[Event "Girona op A"]
[Site "Girona"]
[Date "2015.05.??"]
[Round "7.6"]
[White "Garcia Castany, Jose"]
[Black "Merino Palomino, Carlos"]
[Result "1-0"]
[WhiteElo "1735"]
[BlackElo "1709"]
[PlyCount "61"]
[EventDate "2015.05.09"]
[EventType "tourn"]
[EventRounds "8"]
[EventCountry "ESP"]
[SourceTitle "EXT 2024"]
[Source "ChessBase"]
[SourceDate "2023.10.10"]
[SourceVersion "1"]
[SourceVersionDate "2023.10.10"]
[SourceQuality "1"]

1. d4 d5 2. c4 e6 3. Nc3 Nf6 4. Bg5 c6 5. e3 Bb4 6. a3 Bxc3+ 7. bxc3 h6 8. Bxf6 Qxf6 9. Nf3 Nd7 10. c5 e5 11. Be2 0-0 12. 0-0 Re8 13. h3 e4 14. Nh2 b6 15. Ng4 Qg5 16. Qa4 Bb7 17. Qb3 b5 18. a4 a6 19. Qb2 Reb8 20. axb5 axb5 21. Rxa8 Rxa8 22. Ra1 f5 23. Rxa8+ Bxa8 24. Qa2 Qd8 25. Nh2 Bb7 26. Nf1 Nb8 27. Qa7 Qc7 28. Ng3 Nd7 29. Nxf5 Nf6 30. Nd6 Nd7 31. Qxb7 1-0

[Event "Girona op A"]
[Site "Girona"]
[Date "2015.05.??"]
[Round "4.7"]
[White "Garcia Castany, Jose"]
[Black "Vila Camps, Carles"]
[Result "1-0"]
[WhiteElo "1735"]
[BlackElo "1920"]
[PlyCount "67"]
[EventDate "2015.05.09"]
[EventType "tourn"]
[EventRounds "8"]
[EventCountry "ESP"]
[SourceTitle "EXT 2024"]
[Source "ChessBase"]
[SourceDate "2023.10.10"]
[SourceVersion "1"]
[SourceVersionDate "2023.10.10"]
[SourceQuality "1"]

1. d4 Nf6 2. c4 e6 3. Nc3 Bb4 4. e3 0-0 5. Bd3 d5 6. Nf3 Nc6 7. Qc2 h6 8. 0-0 a6 9. a3 Bxc3 10. Qxc3 Ne4 11. Qc2 f5 12. b4 Nf6 13. Bb2 dxc4 14. Bxc4 b5 15. Bd3 Bb7 16. Rfd1 Qd6 17. Ne5 Qd5 18. f3 Nd7 19. Rac1 Ndxe5 20. dxe5 Qd7 21. Bxf5 Qc8 22. Be4 Ne7 23. Qxc7 Qxc7 24. Rxc7 Bxe4 25. fxe4 Rfe8 26. Rdd7 Kf8 27. Bd4 Rad8 28. Bc5 Rxd7 29. Rxd7 Kf7 30. Kf2 h5 31. Kg3 g5 32. h4 gxh4+ 33. Kxh4 Rg8 34. Rxe7+ 1-0

[Event "Girona op A"]
[Site "Girona"]
[Date "2015.05.??"]
[Round "6.4"]
[White "Mundet Riera, Joaquim"]
[Black "Garcia Castany, Jose"]
[Result "1-0"]
[WhiteElo "2030"]
[BlackElo "1735"]
[PlyCount "85"]
[EventDate "2015.05.09"]
[EventType "tourn"]
[EventRounds "8"]
[EventCountry "ESP"]
[SourceTitle "EXT 2024"]
[Source "ChessBase"]
[SourceDate "2023.10.10"]
[SourceVersion "1"]
[SourceVersionDate "2023.10.10"]
[SourceQuality "1"]

1. d4 d5 2. c4 e6 3. Nc3 Be7 4. Bf4 Nf6 5. e3 0-0 6. Bd3 a6 7. Nf3 c5 8. 0-0 Nc6 9. cxd5 exd5 10. dxc5 Bxc5 11. Rc1 Be7 12. Ne5 Nxe5 13. Bxe5 Bd7 14. Bxf6 Bxf6 15. Qh5 g6 16. Qxd5 Bc6 17. Qc4 Rc8 18. Rfd1 Qa5 19. Qb3 Qg5 20. Be4 Bxc3 21. Bxc6 Bxb2 22. Qxb2 bxc6 23. Qb6 Qb5 24. Rb1 Qxb6 25. Rxb6 a5 26. Ra6 Rfd8 27. Rc1 c5 28. Rxa5 c4 29. Kf1 c3 30. Rc2 Rd7 31. Ra3 Rdc7 32. Ke2 Kg7 33. Rb3 h5 34. a4 Rc5 35. Ra3 Ra5 36. Kd3 Rd5+ 37. Ke4 Rd2 38. Rcxc3 Rxc3 39. Rxc3 Rxf2 40. Ra3 Rxg2 41. a5 Rc2 42. a6 Rc8 43. a7 1-0

[Event "Girona op A"]
[Site "Girona"]
[Date "2015.05.??"]
[Round "5.6"]
[White "Saurina Colomer, Carles"]
[Black "Garcia Castany, Jose"]
[Result "1/2-1/2"]
[WhiteElo "1702"]
[BlackElo "1735"]
[PlyCount "91"]
[EventDate "2015.05.09"]
[EventType "tourn"]
[EventRounds "8"]
[EventCountry "ESP"]
[SourceTitle "EXT 2024"]
[Source "ChessBase"]
[SourceDate "2023.10.10"]
[SourceVersion "1"]
[SourceVersionDate "2023.10.10"]
[SourceQuality "1"]

1. e4 c5 2. d3 g6 3. Bf4 d6 4. Be2 Bg7 5. c3 Nc6 6. Bf3 Nf6 7. Ne2 0-0 8. Na3 Nd7 9. 0-0 Nde5 10. Ng3 Be6 11. d4 Nxf3+ 12. Qxf3 cxd4 13. c4 a6 14. Qb3 b5 15. Qd3 Ne5 16. Bxe5 bxc4 17. Nxc4 dxe5 18. b3 Qb8 19. f4 exf4 20. Ne2 g5 21. Rad1 Bg4 22. h3 Bh5 23. Rd2 Rd8 24. g4 Bg6 25. Rfd1 Qb7 26. Na5 Qxe4 27. Qxe4 Bxe4 28. Nxd4 Bf6 29. Ndc6 Rxd2 30. Rxd2 Rc8 31. Rd8+ Rxd8 32. Nxd8 Kf8 33. Ndc6 Ke8 34. a3 Bc3 35. b4 Bb2 36. Nb8 Bd3 37. Kf2 Bxa3 38. Nbc6 Bb5 39. Kf3 Bd3 40. Ne5 Bc2 41. Nac6 Bc1 42. Ke2 Be4 43. Kd1 Be3 44. Ke2 Bxc6 45. Nxc6 Kd7 46. Nb8+ 1/2-1/2

[Event "Girona-ch"]
[Site "Blanes"]
[Date "2015.??.??"]
[Round "3"]
[White "Cano Egea, Joan Manuel"]
[Black "Garcia Castany, Jose"]
[Result "1-0"]
[WhiteElo "1881"]
[BlackElo "1733"]
[PlyCount "90"]
[EventDate "2015.09.27"]
[EventType "swiss"]
[EventRounds "9"]
[EventCountry "ESP"]
[SourceTitle "EXT 2017"]
[Source "ChessBase"]
[SourceDate "2016.10.25"]
[SourceVersion "1"]
[SourceVersionDate "2016.10.25"]
[SourceQuality "1"]

1. e4 c5 2. Nf3 d6 3. c3 Nf6 4. e5 Nfd7 5. exd6 exd6 6. d4 Be7 7. Be2 0-0 8. 0-0 b6 9. Bf4 Bb7 10. Nbd2 cxd4 11. Nxd4 a6 12. Bf3 Bxf3 13. N2xf3 Qc7 14. Nf5 Ne5 15. Nxe7+ Qxe7 16. Re1 Nbc6 17. Nxe5 dxe5 18. Qd5 Qc7 19. Bxe5 Nxe5 20. Qxe5 Qc6 21. Rad1 Rfe8 22. Qg5 h6 23. Qh4 Rxe1+ 24. Rxe1 Re8 25. Rxe8+ Qxe8 26. h3 Qe6 27. Qd8+ Kh7 28. Qd3+ Kg8 29. Qxa6 Qe1+ 30. Qf1 Qe6 31. b3 Qc6 32. Qd3 Qe6 33. Qe3 Qd6 34. c4 Qd1+ 35. Kh2 Qd6+ 36. g3 Kh7 37. a3 Qxa3 38. Qxb6 Qb2 39. b4 h5 40. Qc5 g6 41. b5 Qd2 42. b6 h4 43. b7 hxg3+ 44. Kxg3 Qb2 45. Qc7 Qc2 1-0

[Event "Santa Eugenia op 10th"]
[Site "Santa Eugenia"]
[Date "2015.??.??"]
[Round "5"]
[White "Deulofeu Peramarch, Enric"]
[Black "Garcia Castany, Jose"]
[Result "0-1"]
[WhiteElo "1793"]
[BlackElo "1735"]
[PlyCount "33"]
[EventDate "2015.04.17"]
[EventType "swiss"]
[EventRounds "9"]
[EventCountry "ESP"]
[SourceTitle "EXT 2016"]
[Source "ChessBase"]
[SourceDate "2015.10.08"]
[SourceVersion "1"]
[SourceVersionDate "2015.10.08"]
[SourceQuality "1"]

1. e4 c5 2. c4 d6 3. Nc3 e6 4. d4 cxd4 5. Qxd4 Nf6 6. Bf4 Nc6 7. Qd2 Qa5 8. a3 Be7 9. b4 Nxb4 10. f3 Na6 11. Ra2 0-0 12. Bd3 Bd7 13. Nge2 Nc5 14. Bc2 Rfd8 15. 0-0 Bc6 16. Nd5 Qxd2 17. Bxd2 0-1

[Event "Santa Eugenia op 10th"]
[Site "Santa Eugenia"]
[Date "2015.??.??"]
[Round "7"]
[White "Garcia Castany, Jose"]
[Black "Arribas Viera, David"]
[Result "0-1"]
[WhiteElo "1735"]
[BlackElo "1947"]
[PlyCount "66"]
[EventDate "2015.04.17"]
[EventType "swiss"]
[EventRounds "9"]
[EventCountry "ESP"]
[SourceTitle "EXT 2016"]
[Source "ChessBase"]
[SourceDate "2015.10.08"]
[SourceVersion "1"]
[SourceVersionDate "2015.10.08"]
[SourceQuality "1"]

1. d4 d5 2. c4 e6 3. Nc3 Nf6 4. Bg5 Be7 5. e3 Nbd7 6. cxd5 exd5 7. Nf3 h6 8. Bh4 c5 9. Be2 0-0 10. 0-0 b6 11. Qa4 cxd4 12. exd4 Bb7 13. Rac1 Re8 14. Bb5 a6 15. Bxd7 Qxd7 16. Qb3 Qd6 17. Na4 b5 18. Nc5 Bc8 19. Qd3 Bg4 20. Ne5 Bc8 21. Bg3 Qb6 22. Rc2 Nh5 23. Re1 Nxg3 24. fxg3 Bxc5 25. Rxc5 f6 26. Rc6 Qa5 27. Rec1 fxe5 28. Qg6 Bd7 29. Rf1 Re7 30. Qh5 Qxa2 31. Rd6 Be8 32. Qf5 Bf7 33. Rxd5 Rae8 0-1

[Event "Santa Eugenia op 10th"]
[Site "Santa Eugenia"]
[Date "2015.??.??"]
[Round "2"]
[White "Garcia Castany, Jose"]
[Black "Gala Martinez, Victor"]
[Result "1/2-1/2"]
[WhiteElo "1735"]
[BlackElo "1863"]
[PlyCount "72"]
[EventDate "2015.04.17"]
[EventType "swiss"]
[EventRounds "9"]
[EventCountry "ESP"]
[SourceTitle "EXT 2016"]
[Source "ChessBase"]
[SourceDate "2015.10.08"]
[SourceVersion "1"]
[SourceVersionDate "2015.10.08"]
[SourceQuality "1"]

1. d4 d5 2. c4 c6 3. Qc2 Nf6 4. e3 e6 5. Bd3 Bb4+ 6. Nc3 dxc4 7. Bxc4 Nbd7 8. Nf3 Nd5 9. 0-0 Nxc3 10. bxc3 Be7 11. e4 0-0 12. Bd3 g6 13. Bh6 Re8 14. e5 a6 15. Be4 Bf8 16. Qd2 Bxh6 17. Qxh6 Nf8 18. Nd2 Qc7 19. Nc4 Rd8 20. Nd6 Bd7 21. Qg5 Be8 22. h4 Rd7 23. h5 Qd8 24. Qg3 Qe7 25. Kh2 f6 26. Nxe8 Rxe8 27. hxg6 hxg6 28. Rh1 f5 29. Bc2 Qd8 30. Kg1 Qc7 31. f4 Rh7 32. Kf2 Ree7 33. Bb3 Rxh1 34. Rxh1 Rh7 35. Rh3 Rxh3 36. Qxh3 Qe7 1/2-1/2

[Event "Palafrugell Gelpi Memorial 28th"]
[Site "Palafrugell"]
[Date "2015.??.??"]
[Round "8"]
[White "Vidal Masferrer, Maria"]
[Black "Garcia Castany, Jose"]
[Result "1/2-1/2"]
[WhiteElo "1791"]
[BlackElo "1733"]
[PlyCount "96"]
[EventDate "2015.09.26"]
[EventType "swiss"]
[EventRounds "9"]
[EventCountry "ESP"]
[SourceTitle "EXT 2017"]
[Source "ChessBase"]
[SourceDate "2016.10.25"]
[SourceVersion "1"]
[SourceVersionDate "2016.10.25"]
[SourceQuality "1"]

1. e4 c5 2. Nf3 d6 3. Nc3 Nf6 4. d4 cxd4 5. Nxd4 a6 6. Be2 e6 7. Bg5 Be7 8. 0-0 0-0 9. Qd3 b5 10. a3 Bb7 11. Rad1 Nbd7 12. Nf3 Nc5 13. Qe3 Ncxe4 14. Nxe4 Nxe4 15. Bxe7 Qxe7 16. Bd3 Nf6 17. Rc1 Bd5 18. Ng5 h6 19. Nf3 Qb7 20. Be2 Rac8 21. Rfd1 Rfd8 22. b3 Be4 23. c4 bxc4 24. Bxc4 Bd5 25. h3 a5 26. a4 Bxf3 27. Qxf3 d5 28. Bb5 Ne4 29. Qd3 Qb6 30. Qe3 Qxe3 31. fxe3 Nc3 32. Re1 Nxb5 33. axb5 Rb8 34. Rc5 Rb6 35. Ra1 Rdb8 36. Rxa5 Kh7 37. Kf2 Kg6 38. Kf3 Kf5 39. e4+ Kf6 40. exd5 exd5 41. Rxd5 Rc8 42. Kf4 Rc3 43. b4 Rc4+ 44. Kf3 Rxb4 45. Ra6 R4xb5 46. Rxb5 Rxa6 47. Rb3 Ra4 48. Kg3 Kg5 1/2-1/2